| 000 | 00753nam a22002297a 4500 | ||
|---|---|---|---|
| 008 | 240525b mp ||||| |||| 00| 0 mon d | ||
| 020 | _a978-99973-1-746-9 | ||
| 035 | _a14409 | ||
| 040 |
_aСэлэнгэ аймгийн нийтийн номын сан _bmon _cMN-UlNLM _dMN-UlNLM _erda |
||
| 041 | _amon | ||
| 042 | _a30036 | ||
| 084 |
_2НСНЗА _a84(7АНУ) _bЖ 622 |
||
| 100 | _aЖефф К. | ||
| 245 | 0 | _aЭцсийн найдвар | |
| 264 |
_aУлаанбаатар хот _bАдмон принт _c2009 |
||
| 300 | _a223 | ||
| 336 |
_2rdacontent _atext _btxt |
||
| 337 |
_2rdamedia _aunmediated _bn |
||
| 338 |
_2rdacarrier _avolume _bnc |
||
| 490 |
_aДүрсгүй жаалын өдрийн тэмдэглэл _v3 |
||
| 942 |
_2NNA _cBK |
||
| 999 |
_c713433 _d713490 |
||